[Event "North American op 30th"]
[Site "ICC INT"]
[Date "2020.12.29"]
[Round "8"]
[White "Yan, Rui Yang"]
[Black "Li, Thomas"]
[Result "1-0"]
[WhiteElo "2093"]
[BlackElo "1822"]
[PlyCount "81"]
[EventDate "2020.12.26"]
[EventType "swiss"]
[EventRounds "8"]
[EventCountry "USA"]
[SourceTitle "CBM 200 Extra"]
[Source "ChessBase"]
[SourceDate "2021.03.31"]
[SourceVersion "1"]
[SourceVersionDate "2021.03.31"]
[SourceQuality "1"]

1. e4 c5 2. Nf3 d6 3. d4 cxd4 4. Nxd4 Nf6 5. Nc3 a6 6. Be2 e5 7. Nf3 Be7 8. Bg5 0-0 9. Bxf6 Bxf6 10. 0-0 Nc6 11. Nd5 Be7 12. Bc4 Bg4 13. h3 Bh5 14. c3 Kh8 15. Qd3 Na5 16. Bb3 Nxb3 17. axb3 Bg6 18. Rfd1 Bg5 19. g4 h5 20. Qe2 hxg4 21. hxg4 Bf4 22. Kg2 Kg8 23. Rh1 f6 24. Rad1 Qd7 25. Nh4 Bxe4+ 26. f3 Bxd5 27. Rxd5 Rfe8 28. Qe4 Rad8 29. Nf5 Qc7 30. Rhd1 Re6 31. c4 b6 32. b4 g6 33. Nd4 Re7 34. Qxg6+ Rg7 35. Qxf6 exd4 36. Qxf4 Qxc4 37. Qxd4 Qe2+ 38. Qf2 Qe6 39. R5d4 Rf8 40. R1d2 Qe5 41. Qg3 1-0